000 01154cam a22003255a 4500
001 16021749
005 20150616095409.0
008 091214t2014 caua fr 001 0 eng d
020 _a032194780
020 _a9780321947802
040 _aBTCTA
_beng
_cBTCTA
_dEG-ScBUE
082 0 4 _a006.686
_222
_bKEL
100 1 _aKelby, Scott.
_938156
245 1 4 _aThe Photoshop Elements 12 book for digital photographers /
_cScott Kelby and Matt Kloskowski.
250 3 _aThe Photoshop Elements Twelfth book for digital photographers
260 _a[San Francisco] :
_bNew Riders / Pearson Education,
_cc.2014.
300 _axvii, 427 p. :
_bill. (some col.) ;
_c26 cm.
490 0 _aVoices that matter
500 _aIndex : p. 413-427.
521 _aUser level : beginner- intermediate
630 0 0 _aAdobe Photoshop elements.
_2BUEsh
650 0 _aPhotography
_xDigital techniques.
_2BUEsh
_937027
650 0 _aImage processing
_xDigital techniques.
_2BUEsh
650 0 _aComputer graphics.
_2BUEsh
651 _2BUEsh
653 _bCOMSCI
_bCOMAME
_cJune2015
655 _vreading book
_934232
700 1 _aKloskowski, Matt.
942 _2ddc
_k006.686 KEL
999 _c19622
_d19594